000 00349nam a2200145Ia 4500
008 090124s9999 xx 000 0 und d
082 _b301490
245 _a कमळण
250 _a1
260 _bकर्णिक मधु मंगेश
_c1985
300 _a228
630 _a कमळण
730 _a कमळण
942 _cBOOK
999 _c191065
_d191065